000 00379 a2200145 4500
001 165418
020 _a
040 _cMagnum
100 _aNovaes, Jefferson da Silva
240 1 0 _aPersonal training e condicionamento fisico em academia
_lpor
245 1 0 _aPersonal training e condicionamento fisico em academia
362 0 _a1899
697 _aEDUCACAO FISICA
942 _cBK
999 _c165418
_d165418